Statistics for British or American? - Food

Click here to take the quiz!

General Stats

  • This quiz has been taken 93 times
  • The average score is 15 of 20

Answer Stats

QuestionAnswer% Correct
SconesBritish
98%
S'moresAmerican
97%
Chocolate Chip CookieAmerican
93%
Christmas puddingBritish
93%
TrifleBritish
93%
Toad in the HoleBritish
92%
PopcornAmerican
91%
Sausage RollsBritish
91%
Steak and Kidney PieBritish
89%
Pulled PorkAmerican
87%
Red Velvet CakeAmerican
86%
Sticky Toffee PuddingBritish
84%
Bubble and SqueakBritish
84%
Biscuits and GravyAmerican
71%
Banana BreadAmerican
64%
Bacon SandwichBritish
64%
Deep Fried Mars Bars (a.k.a Battered Mars Bar)British
54%
Eggs BenedictAmerican
39%
Baked BeansAmerican
31%
Apple PieBritish
22%

Score Distribution

Percentile by Number Answered

Percent of People with Each Score

Your Score History

You have not taken this quiz